000 004090000a22001690004500
041 0 _aSPA
082 0 4 _aG 271.73 G245v
245 1 0 _aVida de San Juan de la Cruz
250 _a4
260 _aMadrid, España : Apostolado de la Prensa
300 _a175 Pag
001 8543
942 _cBK
999 _c38681
_d38681
336 _atexto
_btxt
_2rdacontent
337 _2rdamedia
_asin mediación
_bn
338 _2rdacarrier
_avolumen
_bnc